Cross sectional imaging made easy / (رقم التسجيلة. 24159)
[ عرض عادي ]
| 000 -الفاتح | |
|---|---|
| حقل البيانات ثابتة الطول | 01338cam a22003978a 4500 |
| 001 - رقم الضبط | |
| رقم الضبط | 13581934 |
| 003 - محدد رقم الضبط | |
| رقم الضبط | OSt |
| 005 - وقت وتاريخ اخر تعامل مع التسجيلة | |
| رقم الضبط | 20150408114045.0 |
| 008 - عناصر البيانات ثابتة الطول - معلومات عامة | |
| حقل البيانات ثابتة الطول | 120623s2004 stk f 001 0 eng |
| 010 ## - رقم ضبط مكتبة الكونجرس | |
| رقم ضبط مكتبة الكونجرس | 2004050175 |
| 020 ## - الرقم الدولى المعيارى للكتب | |
| الرقم الدولى المعيارى للكتاب | 044307187X |
| 020 ## - الرقم الدولى المعيارى للكتب | |
| الرقم الدولى المعيارى للكتاب | 0443071888 (International student ed.) |
| 035 ## - رقم ضبط النظام | |
| رقم ضبط النظام | (DNLM)101215983 |
| 040 ## - مصدر الفهرسة | |
| وكالة الفهرسة الأصلية | DNLM/DLC |
| وكالة النسخ | MU |
| وكالة التعديل | DLC |
| 042 ## - رمز التحقق | |
| رمز التحقق | pcc |
| 050 00 - رقم طلب مكتبة الكونجرس | |
| رقم المادة | C76 2004 |
| 060 10 - رقم الطلب بالمكتبة الطبية الوطنية | |
| رقم المادة | C951 2004 |
| 082 00 - رقم تصنيف ديوى العشرى | |
| رقم التصنيف | 616.0754 C R I |
| رقم الطبعة | 22 |
| 245 00 - بيان العنوان | |
| العنوان | Cross sectional imaging made easy / |
| بيان المسئوليه,etc | edited by Simon A. Jackson, Richard M. Thomas ; with contributions from Sarah N. Harrison ... [et al.]. |
| 260 ## - PUBLICATION, DISTRIBUTION, ETC. (IMPRINT) | |
| مكان الناشر او الموزع | Edinburgh ; |
| -- | New York : |
| اسم الناشر او الموزع | Churchill Livingstone, |
| تاريخ النشر أو التوزيع | 2004. |
| 263 ## - تاريخ النشر المتوقع | |
| تاريخ النشر المتوقع | 0409 |
| 300 ## - الوصف المادى | |
| التعداد | p. ; |
| أبعاد الوعاء | cm. |
| 500 ## - تبصرة عامة | |
| تبصرة عامة | Includes index. |
| 650 #0 - المدخل الاضافى بالموضوع-مصطلح موضوعى | |
| مصطلح موضوعي أو اسم جغرافي كعنصر مدخل | Diagnostic imaging. |
| 650 #4 - المدخل الاضافى بالموضوع-مصطلح موضوعى | |
| مصطلح موضوعي أو اسم جغرافي كعنصر مدخل | Cross-sectional imaging. |
| 9 (RLIN) | 15872 |
| 650 #4 - المدخل الاضافى بالموضوع-مصطلح موضوعى | |
| مصطلح موضوعي أو اسم جغرافي كعنصر مدخل | Tomography, X-Ray Computed |
| التقسيم الفرعي العام | methods. |
| 9 (RLIN) | 11141 |
| 650 #4 - المدخل الاضافى بالموضوع-مصطلح موضوعى | |
| مصطلح موضوعي أو اسم جغرافي كعنصر مدخل | Anatomy, Cross-Sectional. |
| 9 (RLIN) | 15873 |
| 650 #4 - المدخل الاضافى بالموضوع-مصطلح موضوعى | |
| مصطلح موضوعي أو اسم جغرافي كعنصر مدخل | Magnetic Resonance Imaging |
| التقسيم الفرعي العام | methods. |
| 650 #4 - المدخل الاضافى بالموضوع-مصطلح موضوعى | |
| مصطلح موضوعي أو اسم جغرافي كعنصر مدخل | Ultrasonography |
| التقسيم الفرعي العام | methods. |
| 700 1# - المدخل الاضافى - اسم شخصى | |
| الإسم الشخصى | Jackson, Simon A. |
| الشكل الأكمل للاسم | (Simon Andrew), |
| التواريخ المصاحبة للاسم | 1963- |
| 9 (RLIN) | 15874 |
| 700 1# - المدخل الاضافى - اسم شخصى | |
| الإسم الشخصى | Thomas, Richard M., |
| العنوان والكلمات الأخرى المصاحبة للاسم | FRCR. |
| 9 (RLIN) | 15875 |
| 906 ## - عنصر بيانات محلى F, LDF (RLIN) | |
| a | 7 |
| b | rip |
| c | orignew |
| d | 1 |
| e | ocip |
| f | 20 |
| g | y-gencatlg |
| 942 ## - عناصر المدخل الإضافي( كوها) | |
| مصدر التصنيف او مخطط الترفيف | Dewey Decimal Classification |
| Koha [default] item type | DVD |
| حالة الفقد | نموذج السعر الفعال | حالة تلف | ليس للاعارة | رقم الطلب | رقم النسخة | تاريخ الاكتساب | الموقع الحالي | الباركود | الفرع الرئيسي | Date last seen | نوع المادة فى نظام كوها | مصدر التصنيف او خطة الترفيف | Total Checkouts |
|---|---|---|---|---|---|---|---|---|---|---|---|---|---|
| 2013-03-10 | 616.0754 C R I | C.1 | 2012-06-23 | المكتبة المركزية بالمجمعة (CL) | 00109737 | المكتبة المركزية بالمجمعة (CL) | 2013-03-10 | كتاب | Dewey Decimal Classification | ||||
| 2013-03-10 | 616.0754 C R I | C.2 | 2012-06-23 | المكتبة المركزية بالمجمعة (CL) | 00109736 | المكتبة المركزية بالمجمعة (CL) | 2013-03-10 | كتاب | Dewey Decimal Classification | ||||
| 2013-03-10 | 616.0754 C R I | C.3 | 2012-06-23 | المكتبة المركزية بالمجمعة (CL) | 00109735 | المكتبة المركزية بالمجمعة (CL) | 2013-03-10 | كتاب | Dewey Decimal Classification |
